000 00925nam a2200253 a 4500
001 72017
003 BD-RjUL
005 20211209082212.0
008 170513s1990 bg ||||| |||| 00| 0dben d
035 _a(BD-RjUL)72233
040 _aBD-RjUL
_bben
_cBD-RjUL
041 _aben
082 _223
_a370.92
_bHAA 1990
100 1 _aহবীবুল্লাহ, মুহম্মদ
_9148916
245 1 0 _aআমীর আলী /
_cমুহম্মদ হবীবুল্লাহ
250 _a৪র্থ সং.
260 _aঢাকা :
_bবুলবুল পাবলিশিং হাউস,
_c১৯৯০
300 _a৭১ পৃ. ;
_c১৯ সেমি.
600 _aআলী,আমীর
_xজীবনী
_9213012
600 _aAli, Amir
_xBiography
_9213013
650 _aশিক্ষাবিদ
_xজীবনী
_9162234
650 _aEducationists
_xBiography
_9213014
942 _2ddc
_cBK
999 _c72017
_d72017